| 000 | 00655cam a2200193 a 4500 | ||
|---|---|---|---|
| 001 | 000007644 | ||
| 005 | 20200929154238.0 | ||
| 008 | 830225s1980 cl a j 001 0dspa | ||
| 040 |
_aDO-SdBNP _cDLC _dDLC |
||
| 082 |
_aCh863.44 _bM971a |
||
| 100 | 1 |
_aMuñoz, Diego, _d1978- _921204 |
|
| 245 | 1 | 0 |
_aAventuras en los mares de Chile : _bdesde Hernando de Magallanes hasta Robinson Crusoe / _cDiego Muñoz. |
| 260 |
_aSantiago de Chile : _bUniversitaria, _cc1980. |
||
| 300 |
_a107 p. : _bil. ; _c19 cm. |
||
| 650 | 4 |
_aCuentos chilenos _914649 |
|
| 650 | 4 |
_aLiteratura chilena _93164 |
|
| 650 | 4 |
_aLiteratura juvenil _99038 |
|
| 910 | _aCatalogación por copia / LC | ||
| 999 |
_c7424 _d7424 |
||